Two crimes : (Запис № 560314)
[ простий вигляд ]
| 000 -LEADER | |
|---|---|
| fixed length control field | 01228nam a2200325Mi 4500 |
| 001 - CONTROL NUMBER | |
| control field | twocrimesnovel00ibar |
| 003 - CONTROL NUMBER IDENTIFIER | |
| control field | CaSfIA |
| 005 - DATE AND TIME OF LATEST TRANSACTION | |
| control field | 20210119104614.0 |
| 007 - PHYSICAL DESCRIPTION FIXED FIELD--GENERAL INFORMATION | |
| fixed length control field | cr|||| |
| 008 - FIXED-LENGTH DATA ELEMENTS--GENERAL INFORMATION | |
| fixed length control field | 000510s1979 mau 000 0 eng d |
| 040 ## - CATALOGING SOURCE | |
| Original cataloging agency | GyGoGBV |
| Description conventions | rakwb |
| Language of cataloging | ger |
| Transcribing agency | GBVCP |
| Modifying agency | CaSfIA |
| 020 ## - INTERNATIONAL STANDARD BOOK NUMBER | |
| International Standard Book Number | 0879235209 |
| 020 ## - INTERNATIONAL STANDARD BOOK NUMBER | |
| International Standard Book Number | 9780879235208 |
| 035 ## - SYSTEM CONTROL NUMBER | |
| System control number | (OCoLC)247738618 |
| 041 1# - LANGUAGE CODE | |
| Language code of text/sound track or separate title | eng |
| Language code of original and/or intermediate translations of text | spa |
| 050 #0 - LIBRARY OF CONGRESS CALL NUMBER | |
| Classification number | PQ7298.19.B3 |
| 082 00 - DEWEY DECIMAL CLASSIFICATION NUMBER | |
| Classification number | 863 |
| 100 1# - MAIN ENTRY--PERSONAL NAME | |
| Personal name | Ibargüengoitia, Jorge. |
| 240 10 - UNIFORM TITLE | |
| Uniform title | <a href="Dos crímenes <engl.>.">Dos crímenes <engl.>.</a> |
| 245 10 - TITLE STATEMENT | |
| Title | Two crimes : |
| Medium | [electronic resource] |
| Remainder of title | a novel / |
| Statement of responsibility, etc | by Jorge Ibargüengoitia. Transl. by Asa Zatz. |
| 250 ## - EDITION STATEMENT | |
| Edition statement | 1. ed. |
| 260 ## - PUBLICATION, DISTRIBUTION, ETC. (IMPRINT) | |
| Place of publication, distribution, etc | Boston : |
| Name of publisher, distributor, etc | Godine [u.a.], |
| Date of publication, distribution, etc | 1979. |
| 300 ## - PHYSICAL DESCRIPTION | |
| Extent | 197 S. |
| 500 ## - GENERAL NOTE | |
| General note | Aus dem Span. übers. |
| 506 ## - RESTRICTIONS ON ACCESS NOTE | |
| Standardized terminology for access restriction | Необхідна авторизація на https://archive.org/ (створення облікового запису безкоштовно) |
| 506 ## - RESTRICTIONS ON ACCESS NOTE | |
| Standardized terminology for access restriction | Необхідна авторизація на https://openlibrary.org/ (створення облікового запису безкоштовно) |
| 700 1# - ADDED ENTRY--PERSONAL NAME | |
| Personal name | Zatz, Asa. |
| 856 41 - ELECTRONIC LOCATION AND ACCESS | |
| Uniform Resource Identifier | <a href="http://www.archive.org/details/twocrimesnovel00ibar">http://www.archive.org/details/twocrimesnovel00ibar</a> |
| Public note | Free eBook from the Internet Archive |
| 942 ## - ADDED ENTRY ELEMENTS (KOHA) | |
| Koha item type | ЕКнига |
Немає доступних примірників.